000 01052nam a2200301 i 4500
001 18745
003 BD-RjUL
005 20211209000328.0
008 140222r19761975enk b 001 d eng
020 _a0198120680 :
035 _a(BD-RjUL)18803
040 _aDLC
_cDLC
_dDLC
_dBD-RjUL
_beng
041 _aeng
082 0 0 _a823.7
_bBUJ 1976
100 1 _aButler, Marilyn.
_957766
245 1 0 _aJane Austen and the war of ideas /
_cMarilyn Butler.
260 _aOxford :
_bClarendon Press,
_cc1975 [Reprinted 1976].
300 _a310 p. ;
_c22 cm.
504 _aIncludes bibliographical references and index.
600 1 0 _aAusten, Jane,
_d1775-1817
_xCriticism and interpretation.
_957757
650 0 _aEnglish fiction
_y18th century
_xHistory and criticism.
_955394
650 0 _aWomen and literature
_zEngland
_xHistory
_y19th century.
_957758
650 0 _aLove stories, English
_xHistory and criticism.
_957767
651 0 _aGreat Britain
_xIntellectual life
_y18th century.
_955007
942 _2ddc
_cBK
999 _c18745
_d18745